000 00335nam a2200145Ia 4500
005 20250322140156.0
008 240331s9999 xx 000 0 und d
082 _bMAA
_a894
100 _aMaalan,
245 0 _aM.S
260 _aChennai
_bPooncholai Pathipagam
_c1995
300 _a128 p .,
650 _aTamil Social Novel
942 _cL
999 _c3744
_d3744